000 00620nam a22001817a 4500
003 PILC
005 20160307160835.0
008 160307b xxu||||| |||| 00| 0 eng d
020 _a9789719905639
050 _aPL 6054
_b.Es77 2014
100 _aEspina, Leticia D.
245 _aKomunikasyon sa akademikong Filipino /
_cLeticia D. Espina, Victoria R. Ramos, Norly R. Plasencia, Henry Velasco.
260 _aManila :
_bMindshapers Co., Inc.,
_c2014.
300 _avi, 263 pages ;
_c25 cm.
500 _aIncludes bibliographical references.
650 _aFilipino language
_xStudy and teaching.
942 _2lcc
_cBK
_kLOC
999 _c291470
_d291470